Central Library OPAC University of Rajshahi

The Holy Prophet's (sm) letters to the rulers, kings, emperors, chiefs and the clergy / (Record no. 34030)

MARC details
000 -LEADER
fixed length control field 00719cam a2200229 a 4500
001 - CONTROL NUMBER
control field 34030
003 - CONTROL NUMBER IDENTIFIER
rucl marc code BD-RjUL
005 - DATE AND TIME OF LATEST TRANSACTION
control field 20211209052109.0
008 - FIXED-LENGTH DATA ELEMENTS--GENERAL INFORMATION
fixed length control field 140512s1994 bg b 000 0 eng d
020 ## - INTERNATIONAL STANDARD BOOK NUMBER
Canceled/invalid ISBN 9843001387
035 ## - SYSTEM CONTROL NUMBER
System control number (BD-RjUL)34124
040 ## - CATALOGING SOURCE
Original cataloging agency BD-RjUL
Language of cataloging eng
Transcribing agency BD-RjUL
Modifying agency BD-RjUL
041 ## - LANGUAGE CODE
Language code of text/sound track or separate title eng
082 ## - DEWEY DECIMAL CLASSIFICATION NUMBER
Classification number 297.63
Author mark and year AHH 1994
100 1# - MAIN ENTRY--PERSONAL NAME
Personal name Ahmed, Giasuddin
9 (RLIN) 103431
245 14 - TITLE STATEMENT
Title The Holy Prophet's (sm) letters to the rulers, kings, emperors, chiefs and the clergy /
Statement of responsibility, etc. Giasuddin Ahmed
260 ## - PUBLICATION, DISTRIBUTION, ETC. (IMPRINT)
Place of publication, distribution, etc. Dhaka :
Name of publisher, distributor, etc. Peal Publishers,
Date of publication, distribution, etc. 1994.
300 ## - PHYSICAL DESCRIPTION
Pagination 86 p. :
Illustrations facsim. ;
Size 21
600 00 - SUBJECT ADDED ENTRY--PERSONAL NAME
Personal name Muḥammad,
Titles and other words associated with a name Prophet,
Dates associated with a name -632
General subdivision Correspondence.
650 ## - SUBJECT ADDED ENTRY--TOPICAL TERM
Topical term or geographic name as entry element Giasuddin Ahmed
9 (RLIN) 103433
942 ## - ADDED ENTRY ELEMENTS (KOHA)
Source of classification or shelving scheme Dewey Decimal Classification
Koha item type Books
Holdings
Lost status Source of classification or shelving scheme Damaged status Not for loan Collection code Permanent Location Current Location Shelving location Date acquired Source of acquisition Cost, normal purchase price Total Checkouts Full call number Date last seen Copy number Koha item type
  Dewey Decimal Classification   Not For Loan Non-fiction Central Library, University of Rajshahi Central Library, University of Rajshahi Reading Room 19/09/1995 New Book Society 45.00   297.63 AHH 1994 12/05/2014 C-1 Books
  Dewey Decimal Classification     Non-fiction Central Library, University of Rajshahi Central Library, University of Rajshahi   02/11/1996 Zeitlinger 48.00   297.63 AHH 1994 20/05/2014 C-2 Books